Fr. Conceicao Rodrigues College of Engineering

Design for print production (Record no. 28276)

MARC details
000 -LEADER
fixed length control field 00269nam a2200133Ia 4500
082 ## - DEWEY DECIMAL CLASSIFICATION NUMBER
Classification number 686.2
100 ## - MAIN ENTRY--PERSONAL NAME
Personal name Warford/ H.S.
245 ## - TITLE STATEMENT
Title Design for print production
260 ## - PUBLICATION, DISTRIBUTION, ETC.
Name of publisher, distributor, etc. none
300 ## - PHYSICAL DESCRIPTION
Extent 358
546 ## - LANGUAGE NOTE
Language note ENGLISH
654 ## - SUBJECT ADDED ENTRY--FACETED TOPICAL TERMS
Focus term print production
942 ## - ADDED ENTRY ELEMENTS (KOHA)
Koha item type BOOK
Holdings
Withdrawn status Lost status Damaged status Not for loan Collection Home library Current library Date acquired Source of acquisition Cost, normal purchase price Inventory number Total Checkouts Full call number Barcode Date last seen Cost, replacement price Price effective from Koha item type
        AFT Fr. Agnel's C.Rodrigues College of Engineering Fr. Agnel's C.Rodrigues College of Engineering 17/03/2023 DBT 106.20 19212   686.2 AFT3052 17/03/2023 106.20 17/03/2023 BOOK